| 000 | 00450nam a22001697a 4500 | ||
|---|---|---|---|
| 003 | LK-CoMWRAF | ||
| 005 | 20231121123328.0 | ||
| 008 | 231121b |||||||| |||| 00| 0 eng d | ||
| 040 |
_aLK-CoMWRAF _dLK-CoMWRAF _eLK-CoMWRAF |
||
| 041 | _aeng | ||
| 082 |
_a821 _bSAR |
||
| 100 | _aSarma, M. V. Rama | ||
| 245 |
_aMilton paradise lost : _bBook IX : With introduction and notes |
||
| 260 |
_aIndia : _bMacmillon books |
||
| 650 | _aPoetry | ||
| 942 | _cBK | ||
| 999 |
_c4194 _d4194 |
||